00887nam a22002411 4500001001300000003000400013005001700017008004100034010002300075040003700098043001200135050002300147100004400170245006200214260002500276300003300301490005700334500011800391650002700509650003300536830005900569999001700628gs 26000254 DLC20260227111330.0901113s1925 iluf 00010 eng c ags 26000254 //r902 aU.S. Geol. Survey Libr./ICUcICU an-us-il10aQE105b.A16 no. 5210aNoé, A. C.q(Adolf Carl),d1873-1939.10aPennsylvanian flora of northern Illinois,cby A.C. Noé.1 aUrbana, Ill.,c1925. a113 p. incl. XLV pl.c26 cm.1 aIllinois. State geological survey. Bulletin,vno. 52 aAt head of title: State of Illinois. Department of registration and education. Division of the geological survey. 0aPaleobotanyzIllinois. 0aPaleontologyyCarboniferous. 0aBulletin (Illinois State Geological Survey) ;vno. 52. c26473d26473